00702 2200241 4500001002100000005001700021008004100038020001800079035002400097090001800121100002500139245007400164250001100238260003100249300002500280500003100305650004800336700002500384850001500409980001500424985000600439999001500445YOGYA-0209000000174020090227020453.0 ind  a979-518-580-2 0010-020900000001740 a346.02bTun A aTunggal, Amin Wijaya aAspek yuridis dalam lesingcAmin Wijaya Tunggal, Arief Djohan Tunggal aCet. 1 aJakartabRineka Ciptac199 aviii, 215 hlmc21 cm aBibliografi : hlm. 213-215 aSewa menyewa - Aspek HukumxLeasing - Hukum aTunggal, Arief Johan aYOPDYOG(B) a09-14-2005 a1 a95P0064444